|
|
|
|
| LEADER |
00000nab a2200000 a 4500 |
| 001 |
vtls009188217 |
| 003 |
SK-MaSNL |
| 005 |
20260304033818.0 |
| 008 |
080303 19761211xo 000 0 slo |
| 015 |
|
|
|a SNBRB1976
|
| 040 |
|
|
|a SNKBUCL
|b slo
|c SNKBUCL
|e AACR2
|
| 041 |
0 |
|
|a slo
|
| 044 |
|
|
|a xo
|c SK
|
| 080 |
|
|
|a 78.079:785.16
|2 2001
|
| 080 |
|
|
|a 785.16
|2 2001
|
| 100 |
1 |
|
|a Branchi, Peter
|4 aut
|9 1316021
|
| 245 |
1 |
0 |
|a Dokázali, že to ide-
|c Peter Branchi
|
| 300 |
|
|
|a Obr.
|
| 611 |
2 |
7 |
|a Bratislavské džezové dni
|n (2. :
|d 1976 :
|c Bratislava, Slovensko)
|2 snkbucl
|9 243480
|
| 650 |
0 |
7 |
|a džez
|2 snkbucl
|9 3178
|
| 650 |
0 |
7 |
|a hudobné festivaly
|2 snkbucl
|9 2958
|
| 773 |
0 |
|
|t Smena
|g (11.12.1976), s. 6
|
| 999 |
|
|
|c 2649921
|d 2651851
|